00438nam a22001577a 450000500170000001000150001702000270003203500140005903700130007308200080008610000200009424500440011426000400015827000620019830000200026020170620133645.0 aENG-118798 a97881207688857c150.00 aEN-102330 bDBAD/PUB a881 aJagdish Prakash aEchoes of silence /cby Jagdish Prakash aNew DelhibSterling Publisherc2012 aA-59, Okhala Industrial Area, Phase-IIbNew Delhie110020 a72p.c21cm(pbk)